[Event "Pardubice Region-chT 2223"]
[Site "Czech Republic"]
[Date "2023.04.02"]
[Round "11.4"]
[White "Vaculik, Jakub"]
[Black "Seidl, Vaclav"]
[Result "1-0"]
[WhiteElo "1665"]
[BlackElo "1293"]
[PlyCount "39"]
[EventDate "2022.10.09"]
[EventType "team-tourn"]
[EventRounds "11"]
[EventCountry "CZE"]
[SourceTitle "EXT 2024"]
[Source "ChessBase"]
[SourceDate "2023.10.10"]
[SourceVersion "1"]
[SourceVersionDate "2023.10.10"]
[SourceQuality "1"]

1. e4 d6 2. Nf3 Nf6 3. d3 c5 4. Be2 g6 5. 0-0 Bg7 6. c3 0-0 7. b3 Nc6 8. Bb2 Qc7 9. Qc2 d5 10. Nbd2 e5 11. d4 Nxe4 12. Nxe4 dxe4 13. Qxe4 exd4 14. cxd4 Bf5 15. Qh4 Rfe8 16. Bc4 cxd4 17. Ng5 Bf6 18. Qxh7+ Kf8 19. Ba3+ Re7 20. Qxf7# 1-0

[Event "Pardubice Region-chT 2223"]
[Site "Czech Republic"]
[Date "2023.02.26"]
[Round "9.6"]
[White "Seidl, Vaclav"]
[Black "Simek, Zdenek"]
[Result "0-1"]
[WhiteElo "1293"]
[BlackElo "1895"]
[PlyCount "120"]
[EventDate "2022.10.09"]
[EventType "team-tourn"]
[EventRounds "11"]
[EventCountry "CZE"]
[SourceTitle "EXT 2024"]
[Source "ChessBase"]
[SourceDate "2023.10.10"]
[SourceVersion "1"]
[SourceVersionDate "2023.10.10"]
[SourceQuality "1"]

1. e4 c5 2. Nf3 d6 3. d4 cxd4 4. Qxd4 Nc6 5. Bb5 Qa5+ 6. Nc3 Bd7 7. Bxc6 Bxc6 8. Bf4 e5 9. Bxe5 dxe5 10. Nxe5 Rd8 11. Nxc6 bxc6 12. Qc4 Qc5 13. Qa4 Nf6 14. 0-0 Be7 15. Rad1 0-0 16. h3 Rb8 17. Rb1 Rfd8 18. e5 Nd5 19. Ne4 Qb4 20. Qxb4 Nxb4 21. c3 Nd3 22. b3 Nxe5 23. f4 Nd7 24. Nd2 Nc5 25. Nf3 Bf6 26. c4 a5 27. Rfe1 Nd3 28. Re4 Re8 29. Rxe8+ Rxe8 30. Rd1 Nxf4 31. Rd6 Re6 32. Rd7 h6 33. Ra7 Bc3 34. Ra6 Ne2+ 35. Kh1 Nc1 36. a3 Nxb3 37. Rb6 Nd2 38. Nxd2 Bxd2 39. g4 Re3 40. Rxc6 Rxh3+ 41. Kg2 Rxa3 42. Rc8+ Kh7 43. c5 Rc3 44. c6 Bf4 45. Ra8 Bc7 46. Ra6 Kg6 47. Kf2 Kf6 48. Ke2 Ke6 49. Kd2 Rc5 50. Ke2 Kd5 51. Ra8 Rxc6 52. g5 hxg5 53. Rg8 Be5 54. Rd8+ Ke6 55. Re8+ Kf5 56. Ra8 Rc5 57. Ra7 Kg6 58. Ra6+ f6 59. Ke3 g4 60. Rxf6+ gxf6 0-1

[Event "Pardubice Region-chT 2223"]
[Site "Czech Republic"]
[Date "2022.11.27"]
[Round "4.7"]
[White "Seidl, Vaclav"]
[Black "Joukl, Martin"]
[Result "1/2-1/2"]
[WhiteElo "1293"]
[BlackElo "1679"]
[PlyCount "114"]
[EventDate "2022.10.09"]
[EventType "team-tourn"]
[EventRounds "11"]
[EventCountry "CZE"]
[SourceTitle "EXT 2024"]
[Source "ChessBase"]
[SourceDate "2023.10.10"]
[SourceVersion "1"]
[SourceVersionDate "2023.10.10"]
[SourceQuality "1"]

1. e4 c5 2. Nf3 d6 3. d4 cxd4 4. Nxd4 Nc6 5. c4 Nf6 6. Nc3 g6 7. f3 Bg7 8. Be3 0-0 9. Qd2 Bd7 10. Nb3 a6 11. Bh6 Rc8 12. Bxg7 Kxg7 13. c5 Be6 14. cxd6 Qxd6 15. Qxd6 exd6 16. Rd1 Rfd8 17. Nd4 Nxd4 18. Rxd4 Rc5 19. Be2 Rd7 20. Kf2 Kf8 21. Rhd1 Ke7 22. a3 Rh5 23. h3 Rc5 24. Na4 Rc6 25. Nc3 Rc5 26. Rb4 Rdc7 27. Rbd4 Rd7 28. f4 Ne8 29. Na4 Rc2 30. R1d2 Rxd2 31. Rxd2 Rc7 32. Ke3 f5 33. Nc3 fxe4 34. Nxe4 Bd7 35. Nc3 Nf6 36. Bf3 Bc6 37. Nd5+ Bxd5 38. Bxd5 Nxd5+ 39. Rxd5 Ke6 40. Rd2 h5 41. g4 hxg4 42. hxg4 Rc1 43. Ke4 Re1+ 44. Kd4 Rf1 45. Ke4 Re1+ 46. Kd3 Rg1 47. Re2+ Kd5 48. g5 Rg3+ 49. Kd2 Rf3 50. Re7 Rxf4 51. Rxb7 Rg4 52. Rb6 Rxg5 53. Rxa6 Rg3 54. b4 g5 55. b5 g4 56. b6 Kc6 57. b7+ Kxb7 1/2-1/2

[Event "CZE-chT U12"]
[Site "Jihlava"]
[Date "2022.06.10"]
[Round "1.2"]
[White "Seidl, Vaclav"]
[Black "Pasek, Josef"]
[Result "0-1"]
[WhiteElo "1251"]
[BlackElo "1351"]
[PlyCount "174"]
[EventDate "2022.06.10"]
[EventType "team-swiss"]
[EventRounds "9"]
[EventCountry "CZE"]
[SourceTitle "CBM 209 Extra"]
[Source "ChessBase"]
[SourceDate "2022.09.30"]
[SourceVersion "1"]
[SourceVersionDate "2022.09.30"]
[SourceQuality "1"]
[WhiteTeam "Zelezna Hora U12"]
[BlackTeam "Praha Bohemians U12"]
[WhiteTeamCountry "CZE"]
[BlackTeamCountry "CZE"]

1. d4 Nf6 2. c4 g6 3. Nc3 Bg7 4. e4 d6 5. Bd3 0-0 6. Be3 e5 7. d5 h6 8. f3 Ne8 9. Qd2 f5 10. Nge2 f4 11. Bf2 g5 12. 0-0-0 Nf6 13. h4 Kf7 14. hxg5 hxg5 15. g3 Rh8 16. gxf4 gxf4 17. c5 Bd7 18. Bb5 Bxb5 19. Nxb5 a6 20. Nbc3 Rxh1 21. Rxh1 Qe7 22. cxd6 cxd6 23. Kb1 Nbd7 24. Na4 b5 25. Nb6 Nxb6 26. Bxb6 Nd7 27. Bf2 Rc8 28. Bh4 Qf8 29. Nc3 Rc7 30. Qg2 Nf6 31. Bxf6 Bxf6 32. Rh7+ Bg7 33. Qg5 Kg8 34. Rh1 b4 35. Na4 Qe8 36. Rc1 Rxc1+ 37. Kxc1 Qxa4 38. Qd8+ Bf8 39. Qg5+ Kf7 40. Qh5+ Ke7 41. Qh7+ Kd8 42. Qh4+ Be7 43. Qh8+ Qe8 44. Qxe8+ Kxe8 45. Kc2 Bd8 46. Kb3 a5 47. Ka4 Kf7 48. Kb5 Ke7 49. Kc6 a4 50. b3 axb3 51. axb3 Ba5 52. Kb5 Bc7 53. Kxb4 Kd7 54. Kb5 Bd8 55. Ka6 Kc7 56. b4 Bh4 57. b5 Bf2 58. Ka5 Bb6+ 59. Kb4 Kd7 60. Kc4 Ke7 61. Kd3 Kf6 62. Ke2 Kg5 63. Kf1 Kh4 64. Kg2 Bc5 65. Kh2 Kg5 66. Kg2 Kf6 67. Kf1 Ke7 68. Ke2 Kd7 69. Kd3 Kc7 70. Kc3 Kb6 71. Kc4 Ka5 72. Kd3 Kxb5 73. Kc3 Bd4+ 74. Kd3 Kb4 75. Ke2 Kc3 76. Kf1 Kd3 77. Kg2 Ke3 78. Kf1 Kxf3 79. Ke1 Kg2 80. Ke2 f3+ 81. Ke1 f2+ 82. Kd2 f1Q 83. Kc2 Qe2+ 84. Kb3 Qb2+ 85. Kc4 Qc3+ 86. Kb5 Qc5+ 87. Ka6 Qb6# 0-1

[Event "CZE-ch U12"]
[Site "Herlikovice"]
[Date "2021.10.26"]
[Round "4"]
[White "Seidl, Vaclav"]
[Black "Nemec, Mikulas"]
[Result "1-0"]
[WhiteElo "1187"]
[BlackElo "1052"]
[PlyCount "135"]
[EventDate "2021.10.23"]
[EventType "swiss"]
[EventRounds "9"]
[EventCountry "CZE"]
[SourceTitle "EXT 2023"]
[Source "ChessBase"]
[SourceDate "2022.10.05"]
[SourceVersion "1"]
[SourceVersionDate "2022.10.05"]
[SourceQuality "1"]

1. d4 Nf6 2. Nf3 e6 3. Bg5 b6 4. e4 Bb7 5. e5 h6 6. Bh4 g5 7. Bxg5 hxg5 8. exf6 Qxf6 9. c3 Bg7 10. Bd3 Nc6 11. Nbd2 Ne7 12. Qe2 Nd5 13. Ne4 Qh6 14. Nexg5 Nf4 15. Qf1 f6 16. Ne4 f5 17. Ned2 0-0-0 18. 0-0-0 Bxf3 19. gxf3 Rdg8 20. Kb1 Nxd3 21. Qxd3 e5 22. dxe5 Bxe5 23. Nc4 Bd6 24. Nxd6+ Qxd6 25. Qxd6 cxd6 26. Rxd6 Rg2 27. Rf6 Rxf2 28. Rxf5 Rh3 29. Kc1 Rhxf3 30. Rxf3 Rxf3 31. Kd2 Rh3 32. Ke2 Kc7 33. Kf2 Kd6 34. Kg2 Rh5 35. h4 Ke5 36. Kf3 Kd5 37. Kf4 Kc4 38. Ke3 d5 39. Kd2 a5 40. b3+ Kc5 41. Kd3 b5 42. a3 Rh8 43. h5 Rh6 44. Rh2 Kd6 45. Kd4 Kc6 46. Ke5 Kc5 47. Rh3 a4 48. b4+ Kc4 49. Kf5 Kb3 50. Kg5 Rh8 51. h6 Kxa3 52. h7 Kb3 53. Kg6 a3 54. Kg7 Ra8 55. h8Q Rxh8 56. Rxh8 a2 57. Ra8 Kb2 58. Kf6 Kxc3 59. Rxa2 Kxb4 60. Ke5 Kb3 61. Rh2 b4 62. Kxd5 Kc3 63. Rh3+ Kb2 64. Kc4 b3 65. Rxb3+ Ka1 66. Rb8 Ka2 67. Kc3 Ka3 68. Ra8# 1-0